[Event "Sabadell Open 2018"]
[Site "Sabadell"]
[Date "2018.09.02"]
[Round "2"]
[White "Montserrat Rubia, Angel"]
[Black "Garcia Torres, Adolfo"]
[Result "1/2-1/2"]
[WhiteElo "1632"]
[BlackElo "1491"]
[Annotator "NA"]
[PlyCount "60"]
[EventDate "2018.09.01"]
[EventType "swiss"]
[EventCountry "ESP"]
[SourceTitle "playchess.com"]
[Source "ChessBase"]
[SourceQuality "1"]
[TimeControl "5400+30"]

1. c4 {[%emt 0:04:48]} e5 2. Nc3 {[%emt 0:00:20]} Nc6 {[%emt 0:00:00]} 3. Nf3 {[%emt 0:01:07]} Nf6 {[%emt 0:00:25]} 4. e4 {[%emt 0:02:55]} Bb4 {[%emt 0:04:18]} 5. d3 {[%emt 0:00:22]} d6 {[%emt 0:01:50]} 6. a3 {[%emt 0:03:26]} Bc5 {[%emt 0:05:23]} 7. Be2 {[%emt 0:03:29]} a6 {[%emt 0:03:56]} 8. O-O {[%emt 0:03:25]} Bg4 {[%emt 0:02:48]} 9. Nd5 {[%emt 0:07:43]} h6 {[%emt 0:03:17]} 10. b4 {[%emt 0:02:15]} Ba7 11. Be3 {[%emt 0:07:32]} Bxf3 {[%emt 0:01:26]} 12. Nxf6+ {[%emt 0:01:03]} Qxf6 {[%emt 0:00:28]} 13. Bxf3 Nd4 {[%emt 0:00:46]} 14. Bxd4 {[%emt 0:03:22]} Bxd4 {[%emt 0:00:18]} 15. Ra2 {[%emt 0:03:33]} O-O {[%emt 0:00:10]} 16. Qd2 Qg6 {[%emt 0:02:31]} 17. Kh1 {[%emt 0:05:45]} c6 {[%emt 0:00:06]} 18. Qe2 {[%emt 0:03:36]} f5 {[%emt 0:03:56]} 19. exf5 {[%emt 0:05:03]} Qxf5 {[%emt 0:00:15]} 20. Qe4 Qxe4 {[%emt 0:03:19]} 21. Bxe4 {[%emt 0:01:07]} g5 {[%emt 0:00:54]} 22. h3 {[%emt 0:02:54]} h5 {[%emt 0:03:58]} 23. Bg6 {[%emt 0:00:43]} h4 {[%emt 0:00:16]} 24. Bh5 {[%emt 0:00:49]} Rf6 {[%emt 0:02:09]} 25. Re2 {[%emt 0:01:42]} Raf8 {[%emt 0:01:07]} 26. f3 {[%emt 0:02:56]} Rf4 27. Bg4 R4f6 28. Bh5 Rf4 29. Bg4 Kg7 30. c5 d5 1/2-1/2

[Event "Sabadell Open 2018"]
[Site "Sabadell"]
[Date "2018.09.03"]
[Round "3"]
[White "Cruz, Cristhian"]
[Black "Chavez, Ricardo Ernesto"]
[Result "1-0"]
[WhiteElo "2571"]
[BlackElo "2244"]
[Annotator "TA"]
[PlyCount "69"]
[EventDate "2018.09.01"]
[EventType "swiss"]
[EventCountry "ESP"]
[SourceTitle "playchess.com"]
[Source "ChessBase"]
[SourceQuality "1"]

{[%evp 14,69,40,40,45,48,48,44,51,45,56,39,73,71,73,82,113,79,215,183,347,349,336,349,444,418,417,383,376,384,380,371,376,368,352,371,367,371,369,368,363,369,370,361,365,372,358,367,343,325,410,410,407,403,403,403,403,402]} 1. e4 {[%cal Be2e4,Be4d5][%mdl 32]} d5 2. exd5 Nf6 3. d4 Bg4 4. Bb5+ Nbd7 5. Be2 Bxe2 6. Qxe2 Nxd5 7. Nf3 {B01: Skandinavische Verteidigung} e6 8. O-O {LiveBook: 10 Partien} c6 9. c4 {Weiß steht etwas besser.} N5f6 10. Bf4 (10. Nc3 Be7 11. d5 cxd5 12. cxd5 Nxd5 13. Nxd5 exd5 14. Re1 Nf6 {1-0 (42) Coenen,M (2435)-Vandevoort,P (2376) Belgium 2016}) 10... Be7 11. Nc3 O-O 12. Rad1 {[%cal Ba1d1,Bd1d3,Bd3g3][%mdl 32]} Nb6 13. a3 a5 14. Ne5 Re8 15. Rfe1 h6 $146 (15... Qc7 $16 {ist eine bessere Verteidigung.}) ({Vorgänger:} 15... Bf8 16. Bg5 Be7 17. Rd3 h6 {1-0 (30) Milord,F-Weijs,H Winnipeg 2000}) 16. Rd3 $1 $18 {Und weiter mit Lxh6! wäre nett.} Bf8 $2 {[#]} (16... Rf8 17. Qe3 h5) 17. Rg3 $1 Qxd4 18. Bxh6 $1 Rad8 {Falls Schwarz jetzt zu ...Sbd7 käme, bestünde noch etwas Hoffnung.} 19. Bg5 {Td1 ist eine echte Drohung.} Be7 20. Nxf7 Kxf7 21. Qxe6+ Kf8 22. Rh3 {Droht Matt per Th8+.} Qxf2+ 23. Kxf2 {Weiss droht Th8+ und Matt.} Bc5+ 24. Kf1 {Beabsichtigt Th8+ und Matt.} Rxe6 25. Rxe6 Kf7 26. Bxf6 gxf6 27. Re4 Rd2 28. Re2 Rd4 29. Rh7+ Kg6 30. Rxb7 Nxc4 31. Rc7 Bd6 32. Rxc6 {Weiß steht auf Gewinn.} Bxh2 33. g3 Bxg3 {[#]} 34. Rxc4 $1 {[%mdl 512]} Rxc4 35. Rg2 {Precision: Weiß = 97%, Schwarz = 39%.} 1-0

[Event "Sabadell Open 2018"]
[Site "Sabadell"]
[Date "2018.09.03"]
[Round "3"]
[White "Aroshidze, Levan"]
[Black "Lorenzo De La Riva, Lazaro"]
[Result "1/2-1/2"]
[WhiteElo "2513"]
[BlackElo "2399"]
[Annotator "TA"]
[PlyCount "90"]
[EventDate "2018.09.01"]
[EventType "swiss"]
[EventCountry "ESP"]
[SourceTitle "playchess.com"]
[Source "ChessBase"]
[SourceQuality "1"]

{[%evp 22,90,31,20,41,0,0,0,0,-43,41,27,23,18,17,14,19,15,20,10,30,25,69,20,10,2,2,0,8,0,0,0,5,5,45,0,0,0,0,0,0,0,0,0,8,7,49,40,47,46,49,47,43,47,46,44,116,122,125,122,126,41,43,38,57,0,0,0,44,0,0]} 1. e4 {ChessBase} e5 2. Nf3 Nc6 3. Bb5 {[%cal Bf1b5,Bb5a4,Ba4b3][%mdl 32]} a6 4. Ba4 Nf6 5. O-O Be7 6. Re1 b5 7. Bb3 d6 8. c3 O-O 9. h3 Nb8 10. d4 Nbd7 11. c4 c6 12. Qc2 {LiveBook: 29 Games. C95: Closed Ruy Lopez: Breyer Variation with 10 d4} (12. Be3 Bb7 13. Nbd2 c5 14. d5 Nb6 15. Qc2 Bc8 16. a4 bxa4 17. Bxa4 Nxa4 18. Rxa4 Bd7 19. Ra3 Ne8 {1-0 (55) Adhiban,B (2661)-Amin,B (2700) Sharjah 2018}) 12... a5 13. a4 bxc4 $1 14. Bxc4 d5 15. Bf1 $146 ({Predecessor:} 15. Bd3 dxe4 16. Bxe4 Nxe4 17. Qxe4 Bb4 18. Bd2 Bxd2 19. Nbxd2 exd4 20. Qxd4 {0-1 (87) Geller,E-Portisch,L Portoroz 1973 IZT [ChessBase]}) 15... c5 (15... Nxe4 $15 16. Qxc6 Rb8) 16. Nxe5 Nxe5 ({Much worse is} 16... Nxe4 $6 17. Nc6 $16) 17. dxe5 Nxe4 18. Nc3 Nxc3 19. bxc3 Rb8 20. Bd3 h6 21. Be3 d4 22. cxd4 cxd4 23. Bf4 Be6 24. Qe2 {Hoping for Qe4.} Bg5 25. Bxg5 Qxg5 26. Qe4 {[%csl Gd3][%cal Re4h7] [#]} g6 27. h4 Qe7 28. Qf4 ({Avoid the trap} 28. Qxd4 $2 Rfd8 $19) (28. h5 $5 {[%cal Rh5g6]}) 28... Kg7 29. Bb5 Rfd8 30. Rad1 d3 31. Re3 Bf5 32. Rg3 {[#] Black must now prevent Qxf5.} Kh7 33. h5 $1 d2 (33... Rb7 {is more complex.} 34. Re3 Qb4 35. Qf3 Re7 36. e6 Rxe6 37. hxg6+ fxg6 38. Rxe6 Bxe6 39. Qf6 Qb3) 34. Rxd2 Rxd2 35. hxg6+ Bxg6 36. Qxd2 Qxe5 37. Re3 Qc7 38. Rc3 $40 {[%mdl 128] White mounts an attack.} Qe7 (38... Qe5 $14) 39. Rh3 $16 h5 40. Qxa5 Rd8 {Strongly threatening ...Rd1+.} 41. Bf1 (41. Be2 $16 h4 42. Re3) 41... Rd4 $14 42. Re3 Qd6 $1 43. Re1 ({White should try} 43. Re5 $14) 43... Rh4 $11 {[%csl Gh4][%cal Rd6h2]} 44. g3 Rd4 45. Qa6 Qxa6 {Precision: White = 54%, Black = 54%.} 1/2-1/2

[Event "Sabadell Open 2018"]
[Site "Sabadell"]
[Date "2018.09.03"]
[Round "3"]
[White "Gonzalez Garcia, Jose"]
[Black "Garcia Ramos, Daniel"]
[Result "1/2-1/2"]
[WhiteElo "2497"]
[BlackElo "2324"]
[Annotator "TA"]
[PlyCount "71"]
[EventDate "2018.09.01"]
[EventType "swiss"]
[EventCountry "ESP"]
[SourceTitle "playchess.com"]
[Source "ChessBase"]
[SourceQuality "1"]

{[%evp 20,71,14,11,49,13,16,13,13,13,41,0,22,18,60,43,60,56,60,64,68,60,135,147,95,50,81,90,84,76,53,38,214,217,214,220,206,213,192,197,213,217,209,207,472,470,581,570,583,568,4802,2389,29991,29992]} 1. Nf3 Nf6 2. c4 e6 3. Nc3 Bb4 4. d4 b6 5. e3 Bb7 6. Bd3 Ne4 7. O-O Bxc3 8. bxc3 O-O 9. Ne1 f5 10. f3 Nf6 11. a4 {LiveBook: 12 Partien. E43: Nimzoindisch (Rubinstein-System)} (11. Nc2 Qe8 12. a4 d6 13. a5 bxa5 14. Rxa5 Nbd7 15. c5 dxc5 16. Ba3 Rf7 17. Bxc5 Nxc5 18. Rxc5 Qc8 {½-½ (63) Fressinet,L (2657)-Lopez Martinez,J (2607) Heraklio 2017}) 11... a5 12. Ra2 d6 $146 ({Vorgänger:} 12... c5 13. Raf2 Nc6 14. Nc2 Ne7 15. e4 d6 16. exf5 Nxf5 17. Qe1 Bc8 18. g4 Ne7 {1-0 (26) Comas Fabrego,L (2486)-Garcia Melgar,J (2271) Sabadell 2007}) 13. h3 {Die Stellung ist ausgeglichen.} Nbd7 14. g4 g6 15. Rg2 Kh8 16. Qe2 Qe7 17. e4 {[%cal Re4f5]} fxe4 18. fxe4 Ng8 19. Nf3 e5 20. Rgf2 h6 (20... Ba6 $14) 21. g5 $16 h5 22. c5 bxc5 23. dxe5 Nxe5 24. Nxe5 dxe5 25. Qe3 Kg7 $2 (25... Rxf2 $14 26. Rxf2 Rd8) 26. Ba3 $1 $18 {[%cal Bc1a3,Ba3c5,Bc5d4][%mdl 32]} Rf4 27. Rxf4 {zielt auf Tf7+! ab.} ({Keinesfalls} 27. Bxc5 $6 Qxg5+ 28. Kh1 Kh7 $16) (27. Qxc5 $6 Rxf2 28. Rxf2 (28. Kxf2 Rf8+ 29. Ke1 Qxc5 $14) (28. Qxe7+ Nxe7 29. Rxf2 Rd8 $16) 28... Rd8 $16) 27... Qxg5+ {[#]} 28. Kh2 $1 {Weiss will mit Tf7+ Matt setzen.} exf4 29. Rxf4 Nh6 30. Bxc5 Kh7 {[#]} 31. Bd4 $1 {[%cal Rd4f6]} Nf5 $2 (31... Qe7 32. e5 Rf8) 32. h4 {[%cal Bh3h4,Bh4g5][%mdl 32]} Nxe3 {[%csl Ge3][%cal Rg5g2]} 33. hxg5 Ng4+ 34. Kg3 Ba6 35. Bxa6 Rxa6 36. Rf8 {[%mdl 32768] Precision: Weiß = 88%, Schwarz = 44%. . An unexpected result.} 1/2-1/2

[Event "Sabadell Open 2018"]
[Site "Sabadell"]
[Date "2018.09.03"]
[Round "3"]
[White "Munoz, Miguel"]
[Black "Abhishek, Das"]
[Result "1-0"]
[WhiteElo "2471"]
[BlackElo "2312"]
[Annotator "TA"]
[PlyCount "43"]
[EventDate "2018.09.01"]
[EventType "swiss"]
[EventCountry "ESP"]
[SourceTitle "playchess.com"]
[Source "ChessBase"]
[SourceQuality "1"]

{[%evp 12,43,35,51,86,77,83,66,91,82,68,70,93,14,45,57,57,47,60,68,75,68,157,140,141,94,307,300,443,229,231,245,504,406]} 1. e4 c5 2. Nf3 Nc6 3. c3 g6 4. d4 d5 5. exd5 Qxd5 6. Be3 {B22: Sicilian: 2 c3} cxd4 (6... Bg7 7. dxc5 Qxd1+ 8. Kxd1 Nf6 9. Bb5 O-O 10. Ke2 Nd5 11. Rd1 Rd8 {½-½ (77) Zhigalko,S (2606)-Edouard,R (2621) Brest 2018}) 7. cxd4 {LiveBook: 3 Games} Nf6 8. Nc3 {White is better.} Qa5 9. d5 Nb8 $1 10. Bc4 $146 {Threatens to win with 0-0.} ({Predecessor:} 10. d6 Bd7 11. Bc4 e6 12. O-O Bg7 13. a3 O-O 14. b4 Qd8 15. Rc1 a6 16. Ne5 Bc6 17. Bb3 Nbd7 18. Nxc6 bxc6 19. Na4 Nd5 {0-1 (19) Merot,J (2221)-Trofimov,V (2418) ICCF email 2012}) 10... Bg7 11. O-O O-O 12. d6 (12. Re1 $16) 12... Nc6 13. dxe7 Nxe7 14. Qb3 $36 {[%mdl 2048] White is more active.} Nf5 15. Bf4 Nh5 16. Bd2 {g4 is the strong threat.} Nd4 (16... Qb6 $1 $14) 17. Nxd4 $16 Bxd4 18. Rae1 Qf5 $2 {[#]} (18... Ng7 $16) 19. Nd5 $18 Bc5 (19... Qg4 $142 20. Bb4 Be6 21. Bxf8 Rxf8 22. Ne7+ (22. Qxb7 Nf4 $18) 22... Kh8 23. Bxe6 fxe6 24. Qxe6 (24. Qxb7 Nf4 $16) 24... Qxe6 25. Rxe6 Bxb2) 20. Bh6 (20. h3 $142) 20... Be6 21. Bxf8 ({Inferior is} 21. Qxb7 Rab8 $11) 21... Bxf8 $2 {[#]} (21... Rxf8 22. Qxb7 Nf4) 22. Rxe6 $1 {[%mdl 512] Precision: White = 47%, Black = 40%.} 1-0

[Event "Sabadell Open 2018"]
[Site "Sabadell"]
[Date "2018.09.03"]
[Round "3"]
[White "Ayats Llobera, Gerard"]
[Black "Arias, Daniel"]
[Result "0-1"]
[WhiteElo "2418"]
[BlackElo "2274"]
[Annotator "TA"]
[PlyCount "88"]
[EventDate "2018.09.01"]
[EventType "swiss"]
[EventCountry "ESP"]
[SourceTitle "playchess.com"]
[Source "ChessBase"]
[SourceQuality "1"]

{[%evp 18,88,40,41,50,44,57,39,46,45,49,43,58,46,47,14,41,12,12,12,24,4,15,-18,8,-8,-22,-37,-4,-28,-17,-111,-108,-430,-403,-404,-409,-416,-418,-408,-421,-436,-435,-525,-526,-509,-434,-437,-405,-443,-455,-828,-823,-804,-783,-1029,-768,-1513,-1511,-1811,-1821,-2259,-2183,-2627,-2532,-29991,-29992,-29993,-29986,-29994,-29995,-29997,-29998]} 1. e4 c5 2. Nf3 d6 3. d4 cxd4 4. Qxd4 a6 5. h3 (5. c4 Nc6 6. Qe3 Bg4 7. Nd4 g6 8. Nc3 Bg7 9. Nxc6 bxc6 10. h3 Be6 11. Be2 Nf6 12. O-O O-O 13. f4 Qa5 14. Bd2 {1-0 (50) Karjakin,S (2763)-Nepomniachtchi,I (2751) Moscow 2018}) 5... Nc6 6. Qe3 {B53: Sicilian: 2...d6: Lines with Qxd4} Nf6 7. c4 e6 8. Be2 Be7 9. Nc3 Qc7 10. O-O {LiveBook: 5 Games} O-O 11. b3 b6 12. Bb2 Bb7 13. Rac1 Ne5 14. Nd4 {[#]} Rfe8 $146 15. Kh1 Bf8 16. f3 Rac8 17. Qf2 Ned7 18. Bd3 Qb8 19. Rfe1 g6 20. f4 Bh6 21. Qh4 Bg7 22. Bb1 Qa8 23. Re2 Nc5 {[%cal Rf6e4]} 24. e5 (24. Rce1 $11 {remains equal.}) 24... Nh5 $17 25. Nc2 $2 {[%mdl 8192]} (25. Rce1 $17 {is tougher.}) 25... Nd3 26. Ne3 Nxc1 27. Bxc1 dxe5 28. f5 e4 29. fxg6 hxg6 30. Na4 Qb8 31. Nf1 Rcd8 {[#] Hoping for ...Rd1.} 32. Bc2 Bc6 33. Bg5 Rd7 34. g4 (34. Be3 $142 Bd4 35. Bxd4 Rxd4 36. Nc3) 34... Nf4 $19 {Strongly threatening ...e3+.} 35. Re3 Nd3 36. Ng3 Bd4 {[#] ...f5 is the strong threat.} 37. Nh5 gxh5 38. gxh5 f5 39. h6 Kh7 40. Nc3 Bxc3 41. Bf6 Bxf6 {Black mates.} 42. Qxf6 Qd8 43. Qc3 Qg5 44. Bxd3 exd3+ {Precision: White = 22%, Black = 59%.} 0-1

[Event "Sabadell Open 2018"]
[Site "Sabadell"]
[Date "2018.09.03"]
[Round "3"]
[White "Valdes Romero, Leonardo"]
[Black "Stella, Andrea"]
[Result "1-0"]
[WhiteElo "2398"]
[BlackElo "2508"]
[Annotator "TA"]
[PlyCount "137"]
[EventDate "2018.09.01"]
[EventType "swiss"]
[EventCountry "ESP"]
[SourceTitle "playchess.com"]
[Source "ChessBase"]
[SourceQuality "1"]

{[%evp 30,137,-18,-18,0,0,15,6,8,16,10,0,0,0,15,0,0,4,19,25,15,18,31,20,40,43,103,27,59,0,10,-278,-237,-196,-200,-345,-343,-329,-254,-208,-27,-352,-345,-338,-338,-417,-248,-248,0,-325,0,-243,-241,-197,-158,-170,-106,-117,-105,-118,-111,-92,-85,-115,-41,-283,-100,-97,0,-249,0,-83,0,-216,-10,-10,-10,-22,0,-510,-475,-1572,-1521,-1394,1033,1024,960,951,927,911,992,963,977,914,5135,1858,5127,1003,985,0,1283,1241,1479,1202,29994,29995,29995,29996,29996,29989]} 1. Nf3 c5 2. c4 Nc6 3. Nc3 e5 4. g3 g6 5. Bg2 Bg7 6. O-O Nge7 7. d3 O-O 8. a3 d6 9. Rb1 a5 10. Bd2 Rb8 11. Ne1 Be6 12. Nc2 d5 13. cxd5 Nxd5 14. Nxd5 Bxd5 15. Bxd5 {A37: Symmetrical English vs ...g6: 4 Bg2 Bg7 5 Nf3} Qxd5 16. b4 {LiveBook: 22 Games} b5 (16... axb4 17. axb4 b6 18. Bc3 Nd4 19. bxc5 bxc5 20. Bxd4 cxd4 21. Na3 h5 22. Nc4 e4 {½-½ (76) Zvjaginsev,V (2655)-Saric,I (2622) Legnica 2013}) 17. bxa5 {The position is equal.} h5 18. Bc3 Rfd8 19. Qc1 h4 $146 ({Predecessor:} 19... Qd6 20. Qd2 Bf8 21. f4 b4 22. Bxe5 Nxe5 23. fxe5 Qxe5 {½-½ (34) Pesa,L (2368)-Binas,J (2357) ICCF email 2016}) 20. Rd1 Nd4 21. e4 Qe6 {White must now prevent ...Ne2+.} 22. Nxd4 exd4 23. Bd2 c4 24. Bf4 Rbc8 25. Rxb5 cxd3 26. Qb1 Qxe4 27. Qxd3 Qa8 ({Black should play} 27... Qc6 $14) 28. Bd2 (28. gxh4 $16 Rc3 29. Qxc3 $1 {[%mdl 512]} dxc3 30. Rxd8+ Qxd8 31. Rb8 Qxb8 32. Bxb8) 28... h3 $1 $11 {[%csl Gh3][%cal Ra8g2]} 29. f3 Re8 30. Re1 $2 {[%mdl 8192]} (30. a4 $11) 30... Rxe1+ $19 31. Bxe1 Rc1 32. Kf1 (32. Kf2 $142 Bh6 33. Rb1 Be3+ 34. Ke2) 32... Qe8 {[%csl Gc1][%cal Re8e1]} 33. Qe2 Qc6 {Hoping for ...d3!} 34. Rb3 Qa4 $2 (34... Qd5 $1 $19 {[%cal Rd5b3]} 35. Rb5 Qc6) 35. Rd3 $2 {[%mdl 8192]} (35. Rb8+ $1 $11 {and White is okay.} Kh7 36. Rb7) 35... Qxa5 36. Kf2 Qc7 37. Rd1 Rc2 (37... Rxd1 $142 38. Qxd1 Qc4) 38. Rd2 Rc1 39. Rd1 $1 Rc2 40. Rd2 Rc6 41. Rd3 Re6 42. Qd1 Qc6 (42... Rb6 $19 43. Ba5 Rb2+ 44. Rd2 Rxd2+ 45. Qxd2 Qc4) 43. Bd2 $17 Qb5 44. Qb3 Qe5 45. Qd1 Qf5 46. Qb3 g5 (46... Be5 $17 {Strongly threatening ...Bxg3+!} 47. a4 Re8) 47. a4 $2 (47. Qb8+ $15 Kh7 48. Qb1) 47... Qe5 $2 (47... Bf8 $1 $19 {aiming for ...g4.} 48. Qb1 Bc5) 48. Qd1 Qf5 $2 $40 {[%mdl 128] Black has some attack.} (48... Bf8 $17) 49. Qb3 $1 $19 Qe5 $2 (49... Bf8 $1 $19 50. Be1 Bc5) 50. Qd1 $17 Qf5 (50... Bf8 $17) 51. Qb3 $1 $19 {[#]} Re8 $2 (51... Bf8 $1 $19 52. Be1 g4) 52. Qb5 $11 Qe6 {( -> ...Qe2+)} 53. Rb3 g4 {...Bh6 is the strong threat.} 54. a5 $2 {[%mdl 8192]} (54. Rb1 $1 $11 {and White has nothing to worry.} Rf8 55. Re1) 54... Bh6 $19 55. f4 (55. Qd3 $142 Bxd2 56. Qxd2 Qxb3 57. Qg5+ Kf8 58. Qc5+ Re7 59. Qc8+ Kg7 60. Qxg4+ Kf6 61. Qf4+ Ke6 62. Qe4+ Kd7 63. Qxd4+ Kc8 64. Qc5+ Rc7 65. Qf5+ Kb8 66. g4) 55... Bg7 56. a6 {[#]} Qe4 $4 {[%mdl 8192] [#]} (56... d3 $1 $19 {[%mdl 512]} 57. Qxd3 (57. Rxd3 Qe2+) 57... Qc6) 57. Qxe8+ $1 $18 {[%mdl 512]} Qxe8 58. a7 Kh7 59. Rb8 Qe4 60. a8=Q Qd3 61. Rb2 f5 62. Qd5 Kg6 63. Ra2 Bf6 64. Rb2 $2 ({White should try} 64. Qc6 $18 Kh7 65. Bc1) 64... Kh6 $2 {[%mdl 8192]} (64... Bg7 $11 65. Bc1 Qe4 66. Rb6+ Kh7 67. Qxe4 fxe4) 65. Ke1 Kg6 66. Rb6 {Qg8+ would kill now.} Kg7 67. Qd7+ {White mates.} Kg6 68. Qe8+ Kh7 69. Rxf6 {Precision: White = 50%, Black = 32%.} 1-0

[Event "Sabadell Open 2018"]
[Site "Sabadell"]
[Date "2018.09.03"]
[Round "3"]
[White "Hernandez, Cristian Andres"]
[Black "Diaz Camallonga, Carles"]
[Result "0-1"]
[WhiteElo "2333"]
[BlackElo "2447"]
[Annotator "TA"]
[PlyCount "168"]
[EventDate "2018.09.01"]
[EventType "swiss"]
[EventCountry "ESP"]
[SourceTitle "playchess.com"]
[Source "ChessBase"]
[SourceQuality "1"]

{[%evp 22,168,23,24,41,-5,-6,-16,-17,-10,24,19,21,5,22,14,14,18,37,24,44,39,33,36,49,45,51,45,37,30,45,36,89,90,105,66,103,39,66,60,75,56,142,99,150,139,157,166,179,114,135,145,232,202,244,237,243,233,285,182,208,0,295,297,355,368,408,393,413,422,422,320,340,326,343,328,311,203,235,198,359,344,349,367,415,0,433,433,436,422,418,398,384,293,333,352,413,400,404,387,408,0,0,0,382,358,452,264,326,276,281,277,292,268,258,-237,-237,-243,-237,-243,-235,-236,-244,-266,-261,-264,-277,-284,-284,-292,0,0,0,0,0,0,0,0,0,-724,-705,-610,-596,-584,-588,-580,-563,-861,-772]} 1. d4 d5 2. c4 c6 3. Nf3 Nf6 4. Nc3 e6 5. e3 a6 6. Qc2 c5 7. cxd5 exd5 8. Be2 {D45: Semi-Slav: 5 e3} Nc6 9. dxc5 Bxc5 10. O-O Qe7 11. Rd1 Be6 12. Nd4 {LiveBook: 4 Games} Rc8 13. Nxc6 $146 ({Predecessor:} 13. Nf5 Qf8 14. e4 Bxf5 15. exf5 Qd6 {½-½ (42) Loos,R (2316)-Rambaldi,F (2554) Wunsiedel 2016}) 13... Rxc6 14. Qd3 O-O 15. Bf3 Rcc8 16. Bd2 Rfd8 17. Ne2 Bg4 18. Bc3 Bxf3 19. gxf3 Bb4 20. Bd4 Bc5 21. Rac1 Bxd4 22. Qxd4 Qd7 23. Rxc8 Rxc8 24. Nc3 {[%cal Rc3d5]} Rd8 25. Qe5 Qe6 26. Qc7 Re8 (26... Qd7 $14 27. Qxd7 Rxd7) 27. Qxb7 $16 {[%cal Rc3d5]} Qh3 28. Qxa6 Qxf3 29. Qe2 (29. Qa4 $16) 29... Qf5 $14 30. Rd4 h6 31. a4 (31. Rf4 $5 {[%cal Rf4f5]} Qg6+ 32. Kf1 $16) 31... Rc8 (31... Re5 $14) 32. f3 Qg5+ (32... Rc5 $142) 33. Kf2 $16 Qe5 34. Ke1 Qg5 35. Qf2 ({White should play} 35. Kd2 $1 $18) 35... Re8 36. Kd2 Qe5 (36... Qf5 $16 {keeps fighting.}) 37. Qe2 Rb8 38. Kc1 Qc7 39. Qd2 Qc8 40. Rf4 Qe6 41. Rd4 (41. Kb1 $142) 41... Qc8 $1 $18 42. b4 Qb7 43. Kb2 Qe7 44. Kb3 Nd7 45. Nxd5 Qe6 46. Ka3 Ne5 47. Qd1 Rc8 48. e4 Kh8 49. Qb3 Qc6 50. Rd1 {aiming for Ne7.} Qa6 $2 (50... Ra8 {was called for.} 51. b5 Qc5+ 52. Ka2 Qf2+ 53. Ka1 Nd7) 51. b5 Qd6+ 52. Ka2 Qc5 53. Rb1 $2 ({White should try} 53. Rd2 $18) 53... Nxf3 $2 {[%mdl 8192]} (53... Qd4 $1 $11 {and Black stays safe.}) 54. Qxf3 Qc2+ 55. Rb2 Qxa4+ 56. Kb1 Qd4 57. Nb4 (57. b6 Qg1+ 58. Ka2 Ra8+ 59. Kb3 Qc5 $18) 57... Rc3 58. Qe2 ({Not} 58. Qxf7 Qd1+ 59. Ka2 Qa4+ 60. Kb1 Qd1+ 61. Ka2 Qa4+ 62. Kb1 Qd1+ $11) 58... Qg1+ 59. Ka2 Qa7+ 60. Na6 Qd4 61. Nb4 $2 (61. Rb4 $1 $18 {[%cal Rb4d4]} Qb6 62. Rb3) 61... Qa7+ $1 $11 62. Na6 $2 {[%mdl 8192]} (62. Kb1 $11 Qg1+ 63. Ka2) 62... Qd4 $1 $18 63. Rb4 $1 {[%cal Rb4d4]} Qe5 {If only Black now had time for ...Rh3....} 64. Qd2 (64. Rb3 $142 Qe6 65. Qd1) 64... Rh3 65. Rb2 Qxe4 {White must now prevent ...Qa4+.} 66. Qc2 Qd5+ 67. Rb3 {Threatens to win with Qc8+.} Rh4 68. Nc5 $4 {[%mdl 8192]} (68. Ka3 $18) 68... Rc4 $1 $19 {[%cal Rc4c2]} 69. Qxc4 Qxc4 {[%mdl 4096] Endgame KQ-KRN} 70. Nd3 Qa4+ $1 71. Kb2 Qd4+ 72. Ka2 {intending b6.} Qb6 73. Nb2 {[#]} f5 $1 74. Na4 {[#]} Qd4 $1 {[%cal Rd4a4]} 75. Ka3 {White hopes to continue with b6.} Qd6+ $2 ({Better is} 75... Qa1+ $19 76. Kb4 Qe1+ 77. Nc3 Qe6) 76. Rb4 $11 f4 77. b6 {next b7 is good for White.} f3 78. b7 Qb8 {And now ...f2 would win.} 79. Nc5 {Hoping for Na6.} f2 80. Rb1 $2 {[%mdl 8192]} (80. Nd7 $11 Qxb7 81. Rxb7) 80... Qa7+ $19 {Black is clearly winning.} 81. Na4 {[#]} Qxb7 $1 {[%mdl 512]} 82. Rxb7 f1=Q 83. Rb2 Qc4 84. Rb4 Qd3+ {Precision: White = 61%, Black = 35%.} 0-1

[Event "Sabadell Open 2018"]
[Site "Sabadell"]
[Date "2018.09.03"]
[Round "3"]
[White "Gonzalez Rodriguez, Jorge A."]
[Black "Aguero Jimenez, Luis Lazaro"]
[Result "0-1"]
[WhiteElo "2230"]
[BlackElo "2483"]
[Annotator "TA"]
[PlyCount "60"]
[EventDate "2018.09.01"]
[EventType "swiss"]
[EventCountry "ESP"]
[SourceTitle "playchess.com"]
[Source "ChessBase"]
[SourceQuality "1"]

{[%evp 21,60,0,0,-14,0,-7,-14,-14,2,-38,0,0,0,-43,-22,-23,-6,-69,-55,-68,-60,-149,-141,-242,-243,-235,-242,-298,-287,-335,-313,-505,-515,-520,-516,-573,-492,-585,-558,-736,-506]} 1. c4 e5 2. Nc3 Nc6 3. g3 g6 4. Bg2 Bg7 5. d3 f5 6. e3 Nf6 7. Nge2 O-O 8. O-O d6 9. Rb1 a5 10. a3 Ne7 11. f4 {A25: English Opening vs King's Indian with ...Nc6 but without early d3} c6 {LiveBook: 16 Games} 12. h3 Be6 13. b3 {The position is equal.} Bf7 $146 ({Predecessor:} 13... h6 14. e4 fxe4 15. dxe4 b5 16. fxe5 dxe5 17. Qxd8 Raxd8 18. cxb5 cxb5 19. Nxb5 Rd3 20. b4 {½-½ (20) Jelic,G (2229)-Mozetic,D (2448) Belgrade 2003}) 14. e4 exf4 15. gxf4 Qb6+ (15... b5 $5) 16. Kh2 Rad8 17. Rf3 Qc7 18. Be3 Rde8 19. Qd2 (19. Rf1 $11) 19... fxe4 20. dxe4 a4 21. Qd3 ({White should play} 21. bxa4 $15 Bxc4 22. Bf1) 21... axb3 $17 22. Nd4 {[#]} (22. Bd4 $17 {was worth a try.}) 22... b5 $1 $19 {[%mdl 512]} 23. cxb5 {[#]} c5 $1 24. Nde2 d5 25. b6 Qxb6 26. exd5 $2 (26. e5 Nd7 27. Qb5 Qxb5 28. Nxb5) 26... Nexd5 {Black is clearly winning.} 27. Nxd5 Bxd5 28. Rf2 Bf7 29. Nc1 {[%cal Rc1b3]} Qc7 30. Rf1 b2 {Precision: White = 25%, Black = 60%.} 0-1

[Event "Sabadell Open 2018"]
[Site "Sabadell"]
[Date "2018.09.03"]
[Round "3"]
[White "Nadal Fajardo, Ricard"]
[Black "Palacin Martin, Ricardo"]
[Result "1/2-1/2"]
[WhiteElo "1920"]
[BlackElo "2055"]
[Annotator "NA"]
[PlyCount "27"]
[EventDate "2018.09.01"]
[EventType "swiss"]
[EventCountry "ESP"]
[SourceTitle "playchess.com"]
[Source "ChessBase"]
[SourceQuality "1"]
[TimeControl "5400+30"]

1. d4 d5 2. Nf3 Nf6 3. g3 e6 4. Bg2 c5 5. O-O Nc6 6. b3 Be7 7. Bb2 O-O 8. e3 b6 9. c4 Bb7 10. cxd5 exd5 11. Nc3 cxd4 12. Nxd4 Qd7 13. Qd2 Rfd8 14. Rfd1 1/2-1/2